• 首页
  • 本馆介绍
  • 公告通知
  • 最新文献
  • 馆藏检索
  • 电子资源
  • 读者导购
  • 参考咨询
  • 我的图书馆
  • 登录
  • 详细信息显示
  • 放入我的书架
  • 预约/预借图书
  • 作者相关作品
  • 分类相关作品
  • 丛书相关作品
  • 出版社相关作品

书目信息

  • 表格格式
  • 工作单格式
  • 卡片格式
题名:
转型中国司法知识的理论与诠释
    
 
作者: 方乐 著
分册:  
出版信息: 北京   人民出版社  2013
页数: 402页
开本: 24cm
丛书名: 现代司法文丛
单 册:
中图分类: D926.04
科图分类:
主题词: 司法--Si Fa--研究--中国
电子资源:
ISBN: 978-7-01-012711-8
000 01267nam0 22002651 450
001 350178
005 20161009082836.07
010    @a978-7-01-012711-8@dCNY50.00
100    @a20140120d2013 kemy0chiy50 ea
101 0  @achi
102    @aCN@b110000
105    @ay v 000yy
106    @ar
200 1  @a转型中国司法知识的理论与诠释@AZhuai Xing Zhong Guo Si Fa Zhi Shi De Li Lun Yu Quan Shi@f方乐著
210    @a北京@c人民出版社@d2013
215    @a402页@d24cm
225 2  @a现代司法文丛@AXian Dai Si Fa Wen Cong@f夏锦文主编
300    @a教育部人文社会科学研究青年项目阶段性成果 江苏省教育厅高校哲社科研资助项目阶段性成果 江苏高校优势学科建设工程资助项目
330    @a本书在系统梳理传统与现代司法知识理论的基础上,引入中国“和——合”哲学的思维方式,从制度与人相互互动的关系这一视角出发,对转型中国的司法裁判予以重新认识。全书不仅强调社会文化——情景系统里的结构性力量对司法裁判活动的影响,而且也留意司法裁判活动自身的特有逻辑,从而建构起一个对中国司法分析力相对较强的司法知识理论体系,一种建立在整体性的司法知识观基础之上的解释理论。
461  0 @12001 @a现代司法文丛@f夏锦文主编
606 0  @a司法@ASi Fa@x研究@y中国
690    @aD926.04@v5
701  0 @a方乐@AFang Le@f(1980~)@4著
801  0 @aCN@bTANGWEI@c20160803
905    @b0888715-9@dD926.04@e558@f5
    
    转型中国司法知识的理论与诠释/方乐著 .-北京:人民出版社,2013
    402页;24cm.-(现代司法文丛/夏锦文主编)
    教育部人文社会科学研究青年项目阶段性成果 江苏省教育厅高校哲社科研资助项目阶段性成果 江苏高校优势学科建设工程资助项目
    
    ISBN 978-7-01-012711-8:CNY50.00
    本书在系统梳理传统与现代司法知识理论的基础上,引入中国“和——合”哲学的思维方式,从制度与人相互互动的关系这一视角出发,对转型中国的司法裁判予以重新认识。全书不仅强调社会文化——情景系统里的结构性力量对司法裁判活动的影响,而且也留意司法裁判活动自身的特有逻辑,从而建构起一个对中国司法分析力相对较强的司法知识理论体系,一种建立在整体性的司法知识观基础之上的解释理论。
●
相关链接 在E读中查询图书 在五车中查询图书 在当当中查询图书 在豆瓣中查询图书


正题名:转型中国司法知识的理论与诠释     索取号:D926.04/558         预约/预借

序号 登录号 条形码 馆藏地/架位号 状态 备注
1 0888715   208887150   第一样本阅览室/ [索取号:D926.04/558] 在馆    
2 0888716   208887169   密集书库-史法系/ [索取号:D926.04/558] 在馆    
3 0888717   208887178   第一借阅区/ [索取号:D926.04/558] 在馆    
4 0888718   208887187   第一借阅区/ [索取号:D926.04/558] 在馆    
5 0888719   208887196   第一借阅区/ [索取号:D926.04/558] 在馆    
唐山师范学院图书馆 欢迎您!
大连网信软件有限公司© 版权所有